000 00371 a2200157 4500
001 77419
082 _a954.91 ZAF
100 _aM D Zafar
245 _aPakistan Studies
_cM D Zafar
_hEnglish
250 _a1
260 _aLahore
_bAziz Book Depot
_c2008
300 _a336 p
500 _aDOS BS Textbooks
505 _aGifted Books
600 _aPakistan Studies
942 _acaenust
_k954.91 ZAF
_cBS
999 _c312492
_d312492